| 000 | 00375nam a2200145Ia 4500 | ||
|---|---|---|---|
| 008 | 210210b1997 xxu||||| |||| 00| 0 eng d | ||
| 082 | _a820.13 JEEM | ||
| 100 | _aJEEVI | ||
| 245 | _aMusings:an anthology of poems. | ||
| 260 |
_aMumbai _bHarshavardhan Prakashan _c1997 |
||
| 300 | _a76 | ||
| 650 | _aKulkarni G V poems | ||
| 690 | _aIndian English Poetry | ||
| 906 | _a052635 | ||
| 999 |
_c100961 _d100961 |
||